Indigenous Rights and United Nations Standards : (Record no. 14331)
[ view plain ]
| 000 -LEADER | |
|---|---|
| fixed length control field | 01742cam a22003734a 4500 |
| 001 - CONTROL NUMBER | |
| control field | 15044375 |
| 005 - DATE AND TIME OF LATEST TRANSACTION | |
| control field | 20080108115439.0 |
| 008 - FIXED-LENGTH DATA ELEMENTS--GENERAL INFORMATION | |
| fixed length control field | 071015s2007 enk | b 001 0 eng d |
| 010 ## - LIBRARY OF CONGRESS CONTROL NUMBER | |
| LC control number | 2007310262 |
| 015 ## - NATIONAL BIBLIOGRAPHY NUMBER | |
| National bibliography number | GBA6A2282 |
| Source | bnb |
| 016 7# - NATIONAL BIBLIOGRAPHIC AGENCY CONTROL NUMBER | |
| Record control number | 013618708 |
| Source | Uk |
| 020 ## - INTERNATIONAL STANDARD BOOK NUMBER | |
| International Standard Book Number | 9780521835749 (hbk.) |
| 020 ## - INTERNATIONAL STANDARD BOOK NUMBER | |
| International Standard Book Number | 0521835747 (hbk.) |
| 035 ## - SYSTEM CONTROL NUMBER | |
| System control number | (OCoLC)ocm76935898 |
| 040 ## - CATALOGING SOURCE | |
| Original cataloging agency | Uk |
| Transcribing agency | Uk |
| Modifying agency | BAKER |
| -- | NcChaBTT |
| -- | OrLoB |
| -- | NhCcYBP |
| -- | DLC |
| 042 ## - AUTHENTICATION CODE | |
| Authentication code | lccopycat |
| 050 00 - LIBRARY OF CONGRESS CALL NUMBER | |
| Classification number | K3247 |
| Item number | .X36 2007 |
| 082 04 - DEWEY DECIMAL CLASSIFICATION NUMBER | |
| Classification number | 341.4852 |
| Edition number | 22 |
| Item number | XAN |
| 100 1# - MAIN ENTRY--PERSONAL NAME | |
| Personal name | Xanthaki, Alexandra. |
| 9 (RLIN) | 15670 |
| 245 10 - TITLE STATEMENT | |
| Title | Indigenous Rights and United Nations Standards : |
| Remainder of title | Self-Determination, Culture and Land / |
| Statement of responsibility, etc | Alexandra Xanthaki. |
| 260 ## - PUBLICATION, DISTRIBUTION, ETC. (IMPRINT) | |
| Place of publication, distribution, etc | Cambridge, UK : |
| Name of publisher, distributor, etc | Cambridge University Press, |
| Date of publication, distribution, etc | 2007. |
| 300 ## - PHYSICAL DESCRIPTION | |
| Extent | xxxix, 314 p. ; |
| Dimensions | 24 cm. |
| 490 1# - Series Statement | |
| Series statement | Cambridge studies in international and comparative law |
| -- | 15671 |
| 504 ## - BIBLIOGRAPHY, ETC. NOTE | |
| Bibliography, etc | Includes bibliographical references (p. 286-305) and index. |
| 541 ## - IMMEDIATE SOURCE OF ACQUISITION NOTE | |
| Source of acquisition | Bacca ; |
| 650 #0 - SUBJECT ADDED ENTRY--TOPICAL TERM | |
| Topical term or geographic name as entry element | Indigenous peoples |
| General subdivision | Civil rights. |
| 9 (RLIN) | 15672 |
| 830 #0 - SERIES ADDED ENTRY--UNIFORM TITLE | |
| Uniform title | Cambridge studies in international and comparative law (Cambridge, England : 1996) |
| 9 (RLIN) | 15673 |
| 856 42 - ELECTRONIC LOCATION AND ACCESS | |
| Materials specified | Contributor biographical information |
| Uniform Resource Identifier | <a href="http://www.loc.gov/catdir/enhancements/fy0803/2007310262-b.html">http://www.loc.gov/catdir/enhancements/fy0803/2007310262-b.html</a> |
| 856 42 - ELECTRONIC LOCATION AND ACCESS | |
| Materials specified | Publisher description |
| Uniform Resource Identifier | <a href="http://www.loc.gov/catdir/enhancements/fy0803/2007310262-d.html">http://www.loc.gov/catdir/enhancements/fy0803/2007310262-d.html</a> |
| 856 41 - ELECTRONIC LOCATION AND ACCESS | |
| Materials specified | Table of contents only |
| Uniform Resource Identifier | <a href="http://www.loc.gov/catdir/enhancements/fy0803/2007310262-t.html">http://www.loc.gov/catdir/enhancements/fy0803/2007310262-t.html</a> |
| 942 ## - ADDED ENTRY ELEMENTS (KOHA) | |
| Source of classification or shelving scheme | Dewey Decimal Classification |
| Item type | Book - Borrowing |
| Withdrawn status | Item status | Source of classification or shelving scheme | Damaged status | Not for loan | Vendor | Home library | Current library | Shelving location | Date acquired | Source of acquisition | Cost, normal purchase price | Serial Enumeration / chronology | Total Checkouts | Total Renewals | Full call number | Barcode | Date last seen | Date last borrowed | Koha item type |
|---|---|---|---|---|---|---|---|---|---|---|---|---|---|---|---|---|---|---|---|
| Dewey Decimal Classification | Baccah | Central Library | Central Library | First floor | 01/07/2010 | 560.00 | 10485 | 2 | 6 | 341.4852 XAN | 000021400 | 15/07/2025 | 05/05/2014 | Book - Borrowing |